000 00362nam a22001697a 4500
003 UA-OsUOA
001 3479
007 ta
008 20050721b un ||||| |||| 00| 0 ukr d
100 _aCorley
700 _aRobert N.
942 _cBK
040 _aUA-OsUOA
_cUA-OsUOA
_dUA-OsUOA
245 _aThe Legal Environment of Business.
955 _a2
650 7 _2UDC
999 _c289641
_d289641